| 000 | 00429nam a22001577a 4500 | ||
|---|---|---|---|
| 999 |
_c15584 _d15584 |
||
| 003 | OSt | ||
| 008 | 190517b ||||| |||| 00| 0 eng d | ||
| 020 | _a978938305728 | ||
| 082 |
_a551.48 _bGON/WA |
||
| 245 | _aWater Resources Management for enhancing Water Productivity | ||
| 260 |
_aNew Delhi _bNew India Publishing Agency _c2018 |
||
| 300 | _a236 p. | ||
| 700 |
_aGontia, N K _94065 |
||
| 700 |
_aRank, H D _94066 |
||
| 942 | _cBK | ||